Countries By War - Statistics

General Stats
  • This quiz has been taken 136 times
  • The average score is 17 of 37
Answer Stats
War Countries Involved % Correct
United States of America
97%
British Empire
93%
Russia
87%
France
86%
France
86%
China
83%
Japan
77%
Siam
73%
German Empire
65%
Italy
64%
Romania
64%
Greece
63%
Ottoman Empire
61%
Sparta
55%
Vietnam War North Vietnam
51%
Serbia
51%
WW1 Austria-Hungary
50%
South Vietnam
50%
Bulgaria
47%
Brazil
39%
Sparta
39%
Haiti
38%
Ionian/ Decelean War Athens
36%
The Confederate States of America
31%
Portugal
30%
Civil War The Union
30%
Pelopponesian War Athens
24%
Macedonia
23%
Liberia
22%
Montenegro
21%
Crimea
18%
Persia
14%
Nicaragua
8%
Panama
7%
Honduras
6%
San Marino
5%
United States of America
2%
No matching quizzes found
Score Distribution
Percent of People with Each Score
Percentile by Number Answered
Your Score History
You have not taken this quiz